[Event "Amber-rapid 20th"]
[Site "Monte Carlo"]
[Date "2011.03.19"]
[Round "7"]
[White "Grischuk, Alexander"]
[Black "Ivanchuk, Vassily"]
[Result "0-1"]
[WhiteElo "2747"]
[BlackElo "2779"]
[Annotator "Marin,M"]
[PlyCount "90"]
[EventDate "2011.03.12"]
[EventType "tourn (rapid)"]
[EventRounds "11"]
[EventCountry "MNC"]
[EventCategory "21"]
[SourceTitle "CBM 142"]
[Source "ChessBase"]
[SourceDate "2011.05.17"]
[SourceVersion "1"]
[SourceVersionDate "2011.05.17"]
[SourceQuality "1"]

1. d4 Nf6 2. c4 e6 3. Nf3 Bb4+ 4. Bd2 Qe7 {This variation was popular at
grandmaster level some 30 years ago, but then White seemed to have found ways
of retaining a small advantage against all black move orders. As usual, this
may be a matter of fashion.} 5. g3 Nc6 6. Nc3 Bxc3 7. Bxc3 Ne4 8. Rc1 O-O 9.
Bg2 d6 10. d5 Nd8 11. Nd2 {Not the only approved variation.} ({Some time ago,
White's powerful play in the following game made a strong impression:} 11. dxe6
Nxe6 12. Bb4 {Kramnik,V (2625)-Ulibin,M (2570)/Chalkidiki 1992/CBM 032/
[Kramnik] (1-0, 49)}) 11... Nxc3 12. Rxc3 e5 {The position has been blocked,
which favours Black in principle, but White's superior development offers him
some initiative.} 13. c5 {The most active continuation.} (13. O-O b6 (13... f5
14. c5 {transposes below}) 14. b4 a5 15. a3 axb4 16. axb4 f5 17. c5 bxc5 18.
bxc5 {White has managed to carry out c4-c5, but Black has exchanged several
pawns in the process. This not only opened some files for counterplay, but
also avoided his being left with queenside pawns.} Nf7 19. Qc2 f4 20. cxd6 cxd6
21. Rc7 Qf6 22. Qc3 (22. Ne4 Qg6 23. Qc6 Bf5 $132 {leaves White with problems
of stability.}) 22... Bg4 {With his pieces busy on the queenside, White will
find no better remedy to this simple threat than repeating moves.} 23. Bf3 Bh3
24. Bg2 Bg4 25. Bf3 Bh3 26. Bg2 Bg4 {1/2 (26) Tkachiev,V (2657)-Benjamin,J 
(2577)/Cap d'Agde 2000/CBM 080}) 13... dxc5 $5 ({With the a- and b-pawns on
board still, Black would face a more difficult defensive job than in the
previous line after:} 13... f5 14. O-O {would transpose below, to a line that
Ivanchuk wants to avoid.} Nf7 15. Qb3 b6 16. cxd6 cxd6 17. Qa3 {Dautov,R (2623)
-Wahls,M (2551)/Germany 2005/CBM 106/[Dautov] (1-0, 30)}) 14. Qc2 {This is the
main move, but not the only one.} ({In the past,} 14. Nb3 {has caused Black
some problems.} f5 $5 {The most principled continuation, aiming to restrict
the enemy bishop. This will reduce the importance of White's queenside
achievements} (14... Bf5 15. Nxc5 $16 {Hracek,Z (2599)-Bernasek,J (2381)/
Karlovy Vary 2004/CBM 100/[Ftacnik] (1-0, 28)}) 15. O-O {Malaniuk,V (2516)
-Liwak,P (2298)/Koszalin 2001/EXT 2002 (1-0, 32)} e4 16. Nxc5 Nf7 17. Qc2 Qd6
18. Rd1 Rd8 {It is not entirely clear whether the d5-pawn is a strength or a
weakness.}) 14... c6 $146 {Technically speaking, this is a novelty, but it all
may have transposed back, had Black wished so.} (14... Bd7 15. Rxc5 c6 {
would transpose back.} 16. e4 (16. O-O cxd5 17. Bxd5 Ne6 {1/2 (17) Beliavsky,A
(2654)-Macieja,B (2536)/New Delhi/Teheran 2000/CBM 080}) 16... b6 17. Rc3 c5
18. O-O Nb7 19. Re1 Nd6 {Damljanovic,B (2612)-Oms Pallise,J (2476)/Andorra
2005/CBM 107 ext (1-0, 40. 'After occupying the blocking d6-square, Black has
a solid position.'}) 15. Rxc5 (15. dxc6 Nxc6 16. Bxc6 bxc6 17. O-O {would
create some pawn weaknesses in Black's position, but the unchallenged control
on the light squares offers Black good counterplay. To be compared with the
last game of the Anand-Topalov match.} Ba6 18. Nb3 c4 19. Na5 c5 20. Nxc4 Rfd8)
15... Bf5 {Only this move really deviates from the known paths. Ivanchuk uses
a simple tactical motif to develop his bishop on to a more active square than
d7.} (15... Bd7 {transposes above.}) 16. e4 Bg6 17. Qc3 $6 {This seemingly
active move creates some piece congestion, which will be exploited in masterly
fashion by Ivanchuk.} ({Black seems to be doing fine after the more restrained
} 17. Qc1 {, too:} b6 18. Rc3 c5 19. O-O Nb7 {With a more active form of
blockade than in the previously played game in this line.}) 17... b6 18. Rc4 c5
19. b4 {This was the main idea behind placing the queen on c3, but Black's
answer will prove that it is flawed.} ({It also is true that} 19. O-O Nb7 {
would force White to lose time.}) 19... a5 $1 $15 {A cold shower for White.}
20. b5 (20. bxc5 $2 b5 $1 $17 {drops the rook, without getting enough pawn
compensation.}) (20. a3 Nb7 21. bxc5 b5 {is more or less similar.} 22. d6 Qe6
23. c6 bxc4 24. cxb7 Rab8 25. Nxc4 Rxb7 $17) (20. bxa5 Rxa5 $15 {leaves White
with a weakened queenside.}) 20... Nb7 21. O-O Nd6 22. a4 {Grischuk rightly
considers that he would have at least adequate compensation if Black "wins"
the exchange on c4. The d6-square would be impossible to block, while the
knight's pressure against b6 and e5 would be annoying.} ({At the same time,
the alternative would be far from encouraging:} 22. Ra4 Nxb5 23. Qb2 Qe8 {
It suddenly appears that the rook also is vulnerable on a4.} 24. Nc4 Nd6 25.
Nxb6 Rb8 $17) 22... Rae8 23. Qb3 f5 {Ivanchuk agrees with Grischuk on the
"winning the exchange" matter. He treasures stability on the dark squares more
than material gains.} 24. Rc3 f4 {The queenside is safely blocked, while on
the opposite wing only Black has chances. Play became rather one-sided.} 25.
Nc4 Nxc4 26. Qxc4 Qd7 27. Qe2 Rf6 28. g4 Bf7 29. f3 g5 {Black prepares a slow
attack based on ...h5 and doubling rooks on the h-file. White's next move only
plays into Black's hands.} 30. h4 $6 {Losing a pawn and helping Black to open
the position.} gxh4 $1 $40 {Black's attack is hard to resist now.} 31. Bh3 Rg6
32. Kf2 h5 33. Rh1 Qe7 34. Rcc1 Kh7 35. Rcg1 Reg8 36. Kf1 Kh6 37. Rg2 c4 $1 38.
Qxc4 Qa3 39. Rf2 hxg4 40. Bxg4 Rxg4 41. fxg4 Rxg4 42. Qe2 (42. Rfh2 Kg5 $19)
42... Bh5 $19 43. Rf3 Qc1+ 44. Qe1 Qc4+ 45. Kf2 (45. Qe2 Qxe2+ 46. Kxe2 Rg2+)
45... Qc2+ (45... Qc2+ 46. Qe2 Rg2+) 0-1

[Event "Candidates Tournament"]
[Site "Kazan"]
[Date "2011.05.06"]
[Round "1.2"]
[White "Grischuk, Alexander"]
[Black "Aronian, Levon"]
[Result "1/2-1/2"]
[WhiteElo "2747"]
[BlackElo "2808"]
[Annotator "Marin,M"]
[PlyCount "43"]
[EventDate "2011.05.05"]
[EventType "k.o."]
[EventRounds "3"]
[EventCountry "RUS"]
[SourceTitle "CBM 143"]
[Source "ChessBase"]
[SourceDate "2011.07.15"]
[SourceVersion "1"]
[SourceVersionDate "2011.07.15"]
[SourceQuality "1"]

1. d4 d5 2. Nf3 Nf6 3. c4 e6 4. Nc3 Be7 5. cxd5 ({The game variation usually
is achieved with} 5. Qc2 c5 6. cxd5 exd5) 5... exd5 6. Qc2 c5 ({Aronian may
have feared some special analysis of his opponent in the main line after} 6...
c6 7. Bg5 g6 8. e4 $5) 7. Bg5 cxd4 8. Nxd4 Nc6 9. Rd1 (9. Nxc6 {Kortschnoj,V 
(2608)-Baramidze,D (2554)/Pulvermuehle 2006/CBM 112/[Dautov] (1-0, 50)}) 9...
O-O $146 (9... h6 10. Bh4 Qa5 11. e3 O-O 12. Be2 Be6 13. Nb3 Qb4 $132 {
Rustemov,A (2565)-Ubilava,E (2521)/Olite 2006/CBM 115 (1/2, 94)}) 10. e3 Be6
11. Be2 Rc8 12. Nf5 h6 13. Bh4 Re8 14. Nxe7+ Qxe7 15. O-O g5 16. Bg3 Ne4 17.
Qb1 Nxg3 18. hxg3 Red8 19. Nb5 {White is one step away from reaching a dream
blockade on d4, after having exchanged two minor pieces already.} d4 $1 $11 20.
Nxd4 Nxd4 21. exd4 (21. Rxd4 Rxd4 22. exd4 Bxa2 $11) 21... Qf6 (21... Bxa2 $5)
22. Bf3 1/2-1/2

[Event "Candidates Tournament playoff blitz"]
[Site "Kazan"]
[Date "2011.05.16"]
[Round "2.9"]
[White "Kramnik, Vladimir"]
[Black "Grischuk, Alexander"]
[Result "0-1"]
[WhiteElo "2785"]
[BlackElo "2747"]
[Annotator "Marin,M"]
[PlyCount "94"]
[EventDate "2011.05.09"]
[EventType "k.o. (blitz)"]
[EventRounds "4"]
[EventCountry "RUS"]
[SourceTitle "CBM 143"]
[Source "ChessBase"]
[SourceDate "2011.07.15"]
[SourceVersion "1"]
[SourceVersionDate "2011.07.15"]
[SourceQuality "1"]

1. Nf3 c5 2. c4 Nc6 3. d4 cxd4 4. Nxd4 Nf6 5. Nc3 d6 {Most likely, a surprise
for the former World Champion.} ({Kramnik may have counted on the fashionable} 
5... e6) 6. e4 g6 {I could not find any previous games played by Grischuk
against the Maroczy bind. Like in the 5th game of the match, his decision to
leave Kramnik with unchallenged pressure along the d-file looks risky, but he
may have counted on White's practical problems in controlling the whole board
in a blitz game being an important factor.} 7. Be2 Bg7 8. Be3 O-O 9. O-O Bd7
10. Qd2 Nxd4 11. Bxd4 Bc6 12. Bd3 {An ambitious move, preparing for a kingside
attack. Its main drawback is releasing the pressure along the d-file, which
later will allow Black set up a blockade on dark squares with ...e5.} ({
Kramnik probably thought that the classical main line,} 12. f3 a5 13. b3 Nd7
14. Be3 Nc5 15. Rab1 Qb6 16. Rfc1 Rfc8 17. Rc2 Qd8 {would offer him less
chances to outplay his opponent in a blitz game.}) 12... a5 13. Rfe1 a4 14. Nd5
{I find this a bit premature.} ({Why not complete the development first?} 14.
Rad1 Re8 {A half-waiting move, which is less useful than Rad1, though.} (14...
Nd7 $6 {is premature because it allows the rook lift to the third rank,
without the necessity of playing Nd5.} 15. Bxg7 Kxg7 16. Re3 Qa5 17. Be2 {
Black can forget about blocking the centre with ...e5, at least for a while.}
Qg5 18. h4 Qf6 19. h5 $40 {Hartikainen,J-Agopov,V/FIN-chT12 corr 1992/Corr Nr.
1 (1-0, 54)}) 15. Nd5 {White has finished his useful moves and needs to force
the next move, in order to proceed with his attack based on Re3.} Nd7 16. Bxg7
Kxg7 17. Re3 (17. b4 {opens the a-file for the black rook, without really
threatening to attack on the queenside.} axb3 18. axb3 e5 19. Bc2 Nc5 20. b4
Ne6 21. Nc3 Nd4 $11 {Black has comfortable play. One small detail that White
overlooked is that the active knight cannot be exchanged immediately:} 22. Ne2
$2 Nxc2 23. Qxc2 Ba4 $19 {Mortensen,E (2450)-Larsen,B (2580)/Aaland 1989/EXT
97 (0-1, 40)}) (17. Bf1 $5 {is a flexible move, inhibiting Black's planned ...
e5 in view of the pressure against d6.} Qa5 18. Nc3 Kg8 19. Re3 Qe5 20. Rde1
Qg7 21. Nd5 Rac8 22. f4 $14 {Nikcevic,N (2350)-Cabrilo,G (2515)/Cetinje 1992/
EXT 97 (1/2, 26). Black has managed to defend his kingside against an
immediate attack, but his queen is passive, while White's space advantage
remains unchallenged.}) 17... Qa5 {This is the only way of making use of ...
Re8 (the e7-pawn is defended).} ({Maybe} 17... e5 {is safer, but the only
available game, Pinol Fulgoni,F (2133)-Pavlovic,M (2569)/Biel 2003/CBM 095 ext
(0-1, 34), is not too relevant. In any case, after} 18. Rh3 h5 19. Bc2 Nc5 {
the position is similar to that from our main game, with the insertion of Rad1
and ...Re8 which should slightly favour White.}) 18. Qc1 Bxd5 (18... Ne5 19.
Be2 f6 20. f4 Nf7 {is solid, but a bit passive.} 21. Kh1 Rac8 22. b4 axb3 23.
axb3 b5 24. Qb2 Bxd5 25. exd5 $14 {Gufeld,E (2540)-Wu,H (2080)/Kissimmee 1997/
CBM 058 ext (1-0, 46). With his knight doomed to passivity, Black cannot claim
any real counterplay.}) ({It is too late for} 18... e5 {already, because of}
19. Be2 $14 {, when Black experiences problems along the d-file.}) 19. Rh3 Nf6
$2 {This allows a deadly attack.} (19... h5 $14 {is better, when Black should
not fear} 20. Rxh5 gxh5 21. Qg5+ Kf8 $11 {. White has a draw by perpetual, but
not more than that.}) 20. Qh6+ Kg8 21. exd5 Qb6 22. g4 $1 $40 Qd4 23. Rh4 $1
Qxb2 24. g5 $18 {Sorokin,M (2510)-Nielsen,P (2445)/Cheliabinsk 1991/EXT 97 
(1-0, 35)}) 14... Nd7 15. Bxg7 Kxg7 16. Re3 e5 {The same crucial move we have
seen in the previous comment, aiming to establish a blockade on the dark
squares and enhance the communication between the opposite wings.} 17. Rh3 (17.
Nc3 {fails to cause Black problems on the d-file:} Nc5 18. Rd1 Qe7 19. Bc2 Rfd8
20. Ne2 Kh8 21. b4 axb3 22. axb3 b6 23. f3 Ra2 $132 {Hansen,L (2460)-Mann,C 
(2305)/Gistrup 1990/EXT 97 (1-0, 71)}) 17... h5 18. Ne3 $6 $146 {I have the
feeling that, just as in the 5th game, Kramnik was caught unaware by his
opponent's opening choice. This time, his novelty is not too inspired.} (18.
Nc3 Nc5 19. Rd1 Qe7 20. Re3 Rfd8 {The rook is more effective on this square
than on e8, as in some games quoted above.} 21. Bf1 Qg5 22. Qe1 h4 23. Re2 f5
24. f3 Rd7 25. Rf2 Rad8 {Renet,O (2500)-Sivokho,S (2380)/Paris 1996/CBM 051
ext (0-1, 47). With active black play.}) 18... Rh8 {A super cautious, but not
necessary move.} (18... Nc5 {would have caused White problems with defending
his e4-pawn, while immediate attacking operations do not seem to be available:}
19. Nf5+ $2 (19. g4 $2 Bxe4) 19... gxf5 20. Rg3+ Kh7 21. Qe2 Kh6 22. Rh3 Qg5 {
and the attack will come to an end soon.}) 19. Rg3 Nc5 {Even now, the e4-pawn
is not easy to defend.} 20. Rd1 (20. Nf5+ Kf8 {leaves White hanging.}) ({
Defending the pawn with} 20. f3 {leaves the rook out of play. Moreover, Black
can safely trap it:} h4 21. Rg4 Bd7 22. Nf5+ $140 Kf8 $19) (20. Nd5 {would
have been relatively safest, but this would have been equivalent to admitting
that he had lost two tempi. Black would get pleasant play after} Bxd5 21. cxd5
(21. exd5 e4 22. Bc2 h4 23. Re3 f5 $15) 21... Qa5 $15) 20... h4 21. Rh3 Bxe4
$17 {Black has parried White's threats and won an important pawn. Later, he
won the game and soon the match.} 22. Bf1 Bc6 23. Nd5 Bxd5 24. Qxd5 Ra6 25. Re3
Qf6 26. b4 axb3 27. axb3 Rb6 28. h3 Rxb3 29. Rxb3 Nxb3 30. Qxd6 Qxd6 31. Rxd6
Rc8 32. Rd5 Kf6 33. Rd6+ Ke7 34. Rb6 Nc5 35. g3 hxg3 36. fxg3 Rc6 37. Rb5 f5
38. Kf2 b6 39. Ke3 Rd6 40. h4 Kf6 41. Be2 g5 42. hxg5+ Kxg5 43. Kf3 Rh6 44. Rb1
Ne6 45. Kg2 Nd4 46. Bd1 Rc6 47. Rb5 Nxb5 0-1

[Event "Candidates Tournament playoff rapid"]
[Site "Kazan"]
[Date "2011.05.09"]
[Round "1.5"]
[White "Aronian, Levon"]
[Black "Grischuk, Alexander"]
[Result "0-1"]
[WhiteElo "2808"]
[BlackElo "2747"]
[Annotator "Ramirez Alvarez,A"]
[PlyCount "94"]
[EventDate "2011.05.09"]
[EventType "k.o. (rapid)"]
[EventRounds "4"]
[EventCountry "RUS"]
[SourceTitle "CBM 143"]
[Source "ChessBase"]
[SourceDate "2011.07.15"]
[SourceVersion "1"]
[SourceVersionDate "2011.07.15"]
[SourceQuality "1"]

1. Nf3 c5 2. c4 Nc6 3. Nc3 e5 4. g3 g6 5. Bg2 Bg7 6. O-O Nge7 7. Ne1 d6 8. Nc2
Be6 9. Ne3 O-O 10. d3 Qd7 {This solid approach against the Symmetrical English
is, in my opinion, an underestimated system. Black has a glaring weakness on
d5, but on the other hand that is his only palpable weakness in the position.
He will be able to advance pawns on the kingside and he can, with correct play,
prevent most advances on the queenside.} 11. Ned5 Bh3 12. Rb1 (12. Bh6 $6 {
is a strategically flawed cheapo. Black wants to exchange the light squared
bishops as the g2 bishop can be quite powerful in a queenside attack, but the
g7 bishop is currently serving no purpose as it is stuck behind the pawns.})
12... Bxg2 13. Kxg2 Rac8 14. e4 Nxd5 15. Nxd5 Ne7 16. Nc3 {White's only claim
to anything here is that he can control d4 with his bishop while Black can
only defend it with his own knight. Therefore the exchange of knights would
instantly result in a dead position.} Nc6 17. Be3 f5 18. f3 $6 {A little
over-ambitious. White should realise he doesn't have anything in the position
and start thinking about maintaining the balance.} (18. Nd5 Ne7 19. Nc3 $11)
18... f4 {Black didn't have to pick up the gauntlet like this, but there was
no reason not to.} (18... Rf7 {was just as sound.} 19. Qd2 Rcf8 20. exf5 Rxf5
$11) 19. Bg1 h5 {Black's kingside pawns are rolling and White hasn't been able
to create anything on the queenside yet.} 20. Nd5 Rf7 21. g4 (21. a3 Rcf8 22.
b4 b6 {This is the typical way of handling the queenside initiative.} 23. Qa4
fxg3 24. hxg3 h4 {when White's position on the queenside is going nowhere, but
his position on the kingside is falling apart.}) 21... hxg4 22. fxg4 Rcf8 23.
Qf3 {This bloackade would be much more successful with a knight, as opposed to
a queen. But then again, the d5-knight is White's only saving grace in this
position!} Bf6 24. Bf2 $6 {The bishop is badly placed in f2, as the exchange
of bishops favours Black.} Rh7 25. Nxf6+ {Aronian could not have been happy
making this move. However he didn't like the prospect of Black's bishop coming
to h4.} (25. a3 Bh4 26. Bg1 Nd8 $1 {and when the knight gets to g5 the game
will be over.}) 25... Rxf6 26. Rh1 g5 $17 27. h3 b6 28. Rh2 Nd8 29. b3 Ne6 30.
Kf1 b5 31. Kg2 a5 32. Rhh1 Rf8 33. Rhc1 Rb8 34. Rh1 b4 35. Rh2 a4 {Black has
complete control over the board, so it shouldn't come as a surprise that the
correct plan of action is to open another weakness on the queenside.} 36. Kh1
Ra8 37. Bg1 axb3 38. Rxb3 Ra4 39. Rbb2 Ra3 {White has no activity and enough
weaknesses to lose. The rest is simple for Grischuk.} 40. Rbg2 Qa4 41. h4 Rc3
42. Qf1 Qa3 43. hxg5 Rc1 44. Qf2 Rxh2+ 45. Kxh2 Nxg5 46. Kh1 Qxd3 47. Qh4 Qh3+
{It is unusual that a 2800 is defeated when he is playing White, and even more
unusual as Grischuk played nothing more than natural, good moves and let his
opponent undermine himself.} 0-1

[Event "Candidates Tournament playoff rapid"]
[Site "Kazan"]
[Date "2011.05.09"]
[Round "1.6"]
[White "Grischuk, Alexander"]
[Black "Aronian, Levon"]
[Result "0-1"]
[WhiteElo "2747"]
[BlackElo "2808"]
[Annotator "Krasenkow,M"]
[PlyCount "144"]
[EventDate "2011.05.09"]
[EventType "k.o. (rapid)"]
[EventRounds "4"]
[EventCountry "RUS"]
[SourceTitle "CBM 143"]
[Source "ChessBase"]
[SourceDate "2011.07.15"]
[SourceVersion "1"]
[SourceVersionDate "2011.07.15"]
[SourceQuality "1"]

1. d4 d5 2. c4 e6 3. Nc3 Be7 4. cxd5 exd5 5. Bf4 c6 6. Qc2 Nf6 {Alternatives:}
(6... g6) (6... Bd6) 7. e3 Nh5 {And this move is quite rare compared to} (7...
O-O {and}) (7... Nbd7) 8. Be5 (8. Bg3 {is more popular but doesn't create
serious problems for Black, e.g.} Nd7 9. Bd3 g6 10. Nge2 O-O 11. Nf4 Ndf6 12.
O-O-O Re8 13. Nxh5 Nxh5 14. Be5 Bd6 15. Bxd6 Qxd6 16. h3 Bd7 17. g4 Nf6 18. Kb1
Re7 19. Ka1 Rae8 $11 {1/2 Zhou Jianchao (2650)-Liang Chong (2502)/China 2010/
CBM 136 Extra (70)}) 8... Nd7 9. Be2 Nxe5 $5 $146 {[%mdl 8] A very original
decision. Black allows White to destroy his pawn structure hoping to make use
of his bishop pair. It is amazing to see how perfectly his idea works!} (9...
Nhf6 10. Bg3 O-O 11. Nf3 b6 12. O-O Bb7 13. Rfd1 Re8 14. a3 a5 15. Ne5 $14 {
1/2 Shishkov,A (2403)-Volodin,A (2401)/Rakvere 2009/CBM 128 Extra (33)}) 10.
dxe5 g6 11. Bxh5 gxh5 12. O-O-O f6 $1 {The point.} 13. Nf3 (13. e4 {looks
logical but Black obtains counterplay anyway, e.g.} d4 14. exf6 Bxf6 15. Nf3 (
15. Nge2 O-O 16. f4 Be6 $13) 15... Bg4 16. Ne2 Qa5 17. Kb1 (17. Nfxd4 Qxa2 18.
f3 O-O-O $1) 17... O-O-O 18. Nfxd4 Qb6 19. f3 Bxd4 20. Nxd4 Rxd4 21. fxg4 hxg4
22. e5 Rf8 $132) 13... fxe5 14. Nxe5 O-O $132 {[%cal Ye7f6,Yc8f5]} 15. f4 $6 {
This only weakens White's position.} (15. Kb1 $142 Bf6 16. Nd3 {[%cal Yc3e2,
Ye2f4]}) 15... Bd6 16. Nf3 Bf5 17. Qd2 Qf6 18. e4 {This breakthrough results
in a clearly better endgame for Black.} (18. Nd4 $5) 18... dxe4 19. Qxd6 exf3
20. Qxf6 Rxf6 21. gxf3 Bg6 22. Ne2 Re8 23. Rd2 Re3 24. Rf1 Bd3 25. Rf2 Kf7 26.
b3 h4 27. Kb2 Bxe2 28. Rdxe2 Rxe2+ 29. Rxe2 Rxf4 {[%csl Rf3][%mdl 4096] Black
now gradually converts his advantage. Of course, it is senseless to analyse
the niceties of this ending as this was a rapid game.} 30. Rf2 Rd4 31. Kc3 Rd1
32. f4 Kf6 33. Rg2 h5 34. a4 Rf1 35. Rg5 Rf3+ 36. Kc2 Rxf4 37. Rxh5 Rf2+ 38.
Kc3 Rxh2 39. Rh7 Kg6 40. Rxb7 h3 41. Rb8 Rf2 42. Rh8 h2 43. Kd3 Kg5 44. Ke3 Rb2
45. Kf3 Rxb3+ 46. Kg2 Rb2+ 47. Kh1 Kf5 48. Rc8 Rc2 49. Ra8 Ke4 50. Rxa7 Ra2 51.
a5 Kd4 52. a6 Kc5 53. Ra8 Kc4 54. Ra7 c5 55. Ra8 Kb5 56. Rb8+ Kc6 57. Rc8+ Kb6
58. Rb8+ Kc7 59. Rb7+ Kc6 60. Ra7 c4 61. Ra8 Kc7 62. a7 c3 63. Re8 Rxa7 64.
Kxh2 Kb6 65. Kg3 Kc5 66. Kf2 Kc4 67. Ke2 Kb3 68. Rc8 Kb2 69. Rb8+ Kc1 70. Kd3
c2 71. Rh8 Ra3+ 72. Kc4 Kb1 0-1